Engineering mechanics : (Record no. 137)
[ view plain ]
| 000 -LEADER | |
|---|---|
| fixed length control field | 00851cac a22002535a 4500 |
| 005 - DATE AND TIME OF LATEST TRANSACTION | |
| control field | 20201128013200.0 |
| 008 - FIXED-LENGTH DATA ELEMENTS--GENERAL INFORMATION | |
| fixed length control field | 130221t2006 njua fr 001 0 eng d |
| 020 ## - INTERNATIONAL STANDARD BOOK NUMBER | |
| International Standard Book Number | 0131872567 |
| 020 ## - INTERNATIONAL STANDARD BOOK NUMBER | |
| International Standard Book Number | 9780131872561 |
| 040 ## - CATALOGING SOURCE | |
| Original cataloging agency | EG-Sc BUE |
| Language of cataloging | eng |
| Transcribing agency | EG-Sc BUE |
| Modifying agency | EG-Sc BUE |
| 082 04 - DEWEY DECIMAL CLASSIFICATION NUMBER | |
| Classification number | 620.1054 |
| Item number | HIB |
| Edition number | 22 |
| 100 1# - MAIN ENTRY--PERSONAL NAME | |
| Personal name | Hibbeler, R. C. |
| 9 (RLIN) | 10021 |
| 245 10 - TITLE STATEMENT | |
| Title | Engineering mechanics : |
| Remainder of title | principles of statics and dynamics / |
| Statement of responsibility, etc | R. C. Hibbeler. |
| 260 ## - PUBLICATION, DISTRIBUTION, ETC. (IMPRINT) | |
| Place of publication, distribution, etc | Upper Saddle River : |
| Name of publisher, distributor, etc | Pearson Prentice Hall, |
| Date of publication, distribution, etc | c.2006. |
| 300 ## - PHYSICAL DESCRIPTION | |
| Extent | xxiii, 480 p. : |
| Other physical details | ill. (col.) ; |
| Dimensions | 24 cm. |
| 500 ## - GENERAL NOTE | |
| General note | Index : p. 473-480. |
| 590 ## - LOCAL NOTE (RLIN) | |
| Local note | Doha |
| 650 #7 - SUBJECT ADDED ENTRY--TOPICAL TERM | |
| Topical term or geographic name as entry element | Mechanics, Applied. |
| 9 (RLIN) | 2049 |
| Source of heading or term | BUEsh |
| 650 #7 - SUBJECT ADDED ENTRY--TOPICAL TERM | |
| Topical term or geographic name as entry element | Statics. |
| 9 (RLIN) | 32679 |
| Source of heading or term | BUEsh |
| 650 #7 - SUBJECT ADDED ENTRY--TOPICAL TERM | |
| Topical term or geographic name as entry element | Dynamics. |
| 9 (RLIN) | 18728 |
| Source of heading or term | BUEsh |
| 651 ## - SUBJECT ADDED ENTRY--GEOGRAPHIC NAME | |
| Source of heading or term | BUEsh |
| 653 ## - INDEX TERM--UNCONTROLLED | |
| Arrived date list | January2014 |
| -- | August2015 |
| -- | January2018 |
| Resource For college | Generalities |
| 942 ## - ADDED ENTRY ELEMENTS (KOHA) | |
| Item type | Book - Borrowing |
| Call number prefix | 620.1 HIB |
| Source of classification or shelving scheme | Dewey Decimal Classification |
| Withdrawn status | Item status | Source of classification or shelving scheme | Damaged status | Not for loan | Vendor | Home library | Current library | Shelving location | Date acquired | Source of acquisition | Cost, normal purchase price | Total Checkouts | Total Renewals | Full call number | Barcode | Date last seen | Date last borrowed | Cost, replacement price | Koha item type |
|---|---|---|---|---|---|---|---|---|---|---|---|---|---|---|---|---|---|---|---|
| Dewey Decimal Classification | Central Library | Central Library | First floor | 26/04/2007 | 300.00 | 14 | 4 | 620.1054 HIB | 000004623 | 15/07/2025 | 04/11/2021 | 375.00 | Book - Borrowing | ||||||
| Dewey Decimal Classification | Central Library | Central Library | First floor | 26/04/2007 | 300.00 | 11 | 7 | 620.1054 HIB | 000004622 | 15/07/2025 | 24/10/2016 | 375.00 | Book - Borrowing | ||||||
| Dewey Decimal Classification | Central Library | Central Library | First floor | 26/04/2007 | 300.00 | 10 | 30 | 620.1054 HIB | 000004621 | 15/07/2025 | 24/10/2016 | 375.00 | Book - Borrowing | ||||||
| Dewey Decimal Classification | Central Library | Central Library | First floor | 06/03/2015 | 300.00 | 11 | 19 | 620.1054 HIB | 000004304 | 15/07/2025 | 12/12/2017 | 375.00 | Book - Borrowing | ||||||
| Dewey Decimal Classification | Baccah | Central Library | Central Library | First floor | 22/03/2011 | 300.00 | 620.1054 HIB | 000030339 | 15/07/2025 | 375.00 | NB - Book (Non borrowing) | ||||||||
| Dewey Decimal Classification | Donation-Gift | Central Library | Central Library | First floor | 20/01/2014 | Donation | 8 | 42 | 620.1054 HIB | 000035350 | 15/07/2025 | 12/10/2019 | Book - Borrowing | ||||||
| Dewey Decimal Classification | Central Library | Central Library | First floor | 24/01/2018 | 620.1054 HIB | 000047174 | 15/07/2025 | Book - Borrowing | |||||||||||
| Dewey Decimal Classification | Central Library | Central Library | First floor | 12/03/2018 | 620.1054 HIB | 000047375 | 15/07/2025 | Book - Borrowing | |||||||||||
| Dewey Decimal Classification | Central Library | Central Library | First floor | 15/03/2018 | 1 | 620.1054 HIB | 000047418 | 15/07/2025 | 06/11/2023 | Book - Borrowing | |||||||||
| Dewey Decimal Classification | Central Library | Central Library | First floor | 22/05/2018 | 1 | 9 | 620.1054 HIB | 000047819 | 15/07/2025 | 05/11/2023 | Book - Borrowing |